000 00385nam a2200145 i 4500
001 34800
003 ES-MaACL
007 t|
008 030211q1916 fr ||||1| fre d
100 1 _aBonnefon-Craponne, L.
_930240
245 1 2 _aL'Italie au travail /
_cL. Bonnefon-Craponne.
260 _aParis :
_bJ. Dumoulin,
_c[1916?]
300 _a282 p. ;
_c20 cm.
852 _aES-MaACL
_jB-3977
999 _c34800
_d34800